LEADER 00712nas 2200241 450 001 000002644 005 20130626144425.0 011 $a0836-8724 100 $a20010315b19772000km-y0itay50------ba 101 0 $aeng 102 $aCA 110 $aayyc---0z-- 200 1 $aCanadian Tax Foundation publications cumulative index$fCanadian Tax Foundation 210 $aToronto$cCanadian Tax Foundation$d1977-2000 215 $afascicoli 326 $aIrregolare 610 1 $aTributi 712 02$aCanadian Tax Foundation 801 0$aIT$bUNIPARTHENOPE$gRICA$2UNIMARC 912 $a000002644 958 $a1978-1990$cNAVA1 996 $aCanadian Tax Foundation publications cumulative index$91223852 997 $aUNIPARTHENOPE LEADER 01109cam0 2200289 450 001 E600200033334 005 20210121093137.0 100 $a20080118d1976 |||||ita|0103 ba 101 $aita 102 $aIT 200 1 $a<>divisione del lavoro intellettuale$eTeoria e previsione dello spreco di laureati e diplomati in Italia attraverso il modello CRS-2$fGiuseppe Colasanti$gBill Mebane$gMaurizio Bonolis 210 $aBologna$cIl Mulino$d1976 215 $a356 p.$d21 cm 225 2 $aStudi e ricerche$v63 410 1$1001LAEC00015225$12001 $a*Studi e ricerche$v63 700 1$aColasanti$b, Giuseppe$3AF00004756$4070$045814 702 1$aMebane, Bill$3A600200042136$4070 702 1$aBonolis, Maurizio$3AF00007287$4070 801 0$aIT$bUNISOB$c20210121$gRICA 850 $aUNISOB 852 $aUNISOB$j300$m25102 912 $aE600200033334 940 $aM 102 Monografia moderna SBN 941 $aM 957 $a300$b000282$gSi$d25102$racquisto$1pregresso3$2UNISOB$3UNISOB$420080118154944.0$520190702101959.0$6Spinosa 996 $aDivisione del lavoro intellettuale$91683950 997 $aUNISOB LEADER 02801nam 2200649Ia 450 001 9910788427003321 005 20230828215802.0 010 $a3-11-091687-8 024 7 $a10.1515/9783110916874 035 $a(CKB)3360000000338792 035 $a(OCoLC)811406206 035 $a(CaPaEBR)ebrary10597325 035 $a(SSID)ssj0000778380 035 $a(PQKBManifestationID)12258156 035 $a(PQKBTitleCode)TC0000778380 035 $a(PQKBWorkID)10763376 035 $a(PQKB)10997786 035 $a(MiAaPQ)EBC3041683 035 $a(DE-B1597)56950 035 $a(OCoLC)979831299 035 $a(DE-B1597)9783110916874 035 $a(Au-PeEL)EBL3041683 035 $a(CaPaEBR)ebr10597325 035 $a(OCoLC)922944544 035 $a(EXLCZ)993360000000338792 100 $a20111102d2006 uy 0 101 0 $aeng 135 $aurcn||||||||| 181 $ctxt 182 $cc 183 $acr 200 10$aCreatedness and ethics$b[electronic resource] $ethe doctrine of creation and theological ethics in the theology of Colin E. Gunton and Oswald Bayer /$fHans Schaeffer 210 $aBerlin $cde Gruyter$d2006 215 $a1 online resource (424 p.) 225 0 $aTheologische bibliothek to?pelmann ;$vband 137 300 $aBibliographic Level Mode of Issuance: Monograph 311 0 $a3-11-019073-7 320 $aIncludes bibliographical references and index. 327 $tFront matter --$tForeword --$tContents --$t1. About this Book --$t2. An Introductory Chapter --$t3. Gunton's Trinitarian Doctrine of Creation --$t4. Bayer's Doctrine of Creation as God's Promise --$t5. The Connection Between a Doctrine of Creation and Theological Ethics --$t6. Marriage and the Doctrine of Creation --$t7. Recapitulation --$t8. Summaries --$t9. Bibliography --$tIndex of Names 330 $aA systematic description of the doctrine of creation and theological ethics in the theology of Colin E. Gunton and Oswald Bayer, evaluated with respect to its social-ethical consequences for the theological doctrine of marriage. 330 $aEine systematische Darstellung der Schöpfungslehre und der theologischen Ethik in den theologischen Entwürfen von Colin E. Gunton und Oswald Bayer, unter besonderer Berücksichtigung der sozialethischen Konsequenzen für das theologische Verständnis von Ehe. 606 $aCreation 606 $aChristian ethics 610 $aEthics (theology). 610 $acreation. 610 $asystematic theology. 615 0$aCreation. 615 0$aChristian ethics. 676 $a231.765 700 $aSchaeffer$b Hans$01559974 801 0$bMiAaPQ 801 1$bMiAaPQ 801 2$bMiAaPQ 906 $aBOOK 912 $a9910788427003321 996 $aCreatedness and ethics$93825586 997 $aUNINA LEADER 05590nam 22008655 450 001 9910298530403321 005 20200920044827.0 010 $a3-642-54086-4 024 7 $a10.1007/978-3-642-54086-8 035 $a(CKB)3710000000089211 035 $a(EBL)1783241 035 $a(OCoLC)902414061 035 $a(SSID)ssj0001186021 035 $a(PQKBManifestationID)11646365 035 $a(PQKBTitleCode)TC0001186021 035 $a(PQKBWorkID)11217674 035 $a(PQKB)10192282 035 $a(MiAaPQ)EBC1783241 035 $a(DE-He213)978-3-642-54086-8 035 $a(PPN)176751270 035 $a(EXLCZ)993710000000089211 100 $a20140225d2014 u| 0 101 0 $aeng 135 $aur|n|---||||| 181 $ctxt 182 $cc 183 $acr 200 10$aDynamic Optimization in Environmental Economics /$fedited by Elke Moser, Willi Semmler, Gernot Tragler, Vladimir M. Veliov 205 $a1st ed. 2014. 210 1$aBerlin, Heidelberg :$cSpringer Berlin Heidelberg :$cImprint: Springer,$d2014. 215 $a1 online resource (358 p.) 225 1 $aDynamic Modeling and Econometrics in Economics and Finance,$x1566-0419 ;$v15 300 $aDescription based upon print version of record. 311 $a3-642-54085-6 320 $aIncludes bibliographical references. 327 $aInteractions between Economy and Climate: Climate Change and Technical Progress: Impact of Informational Constraints -- Environmental Policy in a Dynamic Model with Heterogeneous Agents and Voting -- Optimal Environmental Policy in the Presence of Multiple Equilibria and Reversible Hysteresis -- Modeling the Dynamics of the Transition to a Green Economy -- One-Parameter GHG Emission Policy With R&D-Based Growth -- Pollution, Public Health Care, and Life Expectancy when Inequality Matters -- Uncertain Climate Policy and the Green Paradox -- Uniqueness Versus Indeterminacy in the Tragedy of the Commons - A "Geometric" Approach -- Optimal Extraction of Resources: Dynamic Behavior of Oil Importers and Exporters Under Uncertainty -- Robust Control of a Spatially Distributed Commercial Fishery -- On the Effect of Resource Exploitation on Growth: Domestic Innovation vs. Technological Diffusion Through Trade -- Forest Management and Biodiversity in Size-Structured Forests Under Climate Change -- Carbon Taxes and Comparison of Trading Regimes in Fossil Fuels -- Landowning, Status and Population Growth -- Optimal Harvesting of Size-Structured Biological Populations. 330 $aThe book presents new developments in the dynamic modeling and optimization methods in environmental economics and provides a huge range of applications dealing with the economics of natural resources, the impacts of climate change and of environmental pollution, and respective policy measures. The interrelationship between economic activities and environmental quality, the development of cleaner technologies, the switch from fossil to renewable resources and the proper use of policy instruments play an important role along the path towards a sustainable future. Biological, physical and economic processes are naturally involved in the subject, and postulate the main modelling, simulation and decision-making tools: the methods of dynamic optimization and dynamic games. 410 0$aDynamic Modeling and Econometrics in Economics and Finance,$x1566-0419 ;$v15 606 $aEnvironmental economics 606 $aCalculus of variations 606 $aEnvironmental sciences 606 $aEnergy policy 606 $aEnergy policy 606 $aOperations research 606 $aDecision making 606 $aEconomics 606 $aEnvironmental Economics$3https://scigraph.springernature.com/ontologies/product-market-codes/W48000 606 $aCalculus of Variations and Optimal Control; Optimization$3https://scigraph.springernature.com/ontologies/product-market-codes/M26016 606 $aMath. Appl. in Environmental Science$3https://scigraph.springernature.com/ontologies/product-market-codes/U24005 606 $aEnergy Policy, Economics and Management$3https://scigraph.springernature.com/ontologies/product-market-codes/112000 606 $aOperations Research/Decision Theory$3https://scigraph.springernature.com/ontologies/product-market-codes/521000 606 $aEconomic Theory/Quantitative Economics/Mathematical Methods$3https://scigraph.springernature.com/ontologies/product-market-codes/W29000 615 0$aEnvironmental economics. 615 0$aCalculus of variations. 615 0$aEnvironmental sciences. 615 0$aEnergy policy. 615 0$aEnergy policy. 615 0$aOperations research. 615 0$aDecision making. 615 0$aEconomics. 615 14$aEnvironmental Economics. 615 24$aCalculus of Variations and Optimal Control; Optimization. 615 24$aMath. Appl. in Environmental Science. 615 24$aEnergy Policy, Economics and Management. 615 24$aOperations Research/Decision Theory. 615 24$aEconomic Theory/Quantitative Economics/Mathematical Methods. 676 $a363.7 702 $aMoser$b Elke$4edt$4http://id.loc.gov/vocabulary/relators/edt 702 $aSemmler$b Willi$4edt$4http://id.loc.gov/vocabulary/relators/edt 702 $aTragler$b Gernot$4edt$4http://id.loc.gov/vocabulary/relators/edt 702 $aVeliov$b Vladimir M$4edt$4http://id.loc.gov/vocabulary/relators/edt 906 $aBOOK 912 $a9910298530403321 996 $aDynamic Optimization in Environmental Economics$92495385 997 $aUNINA